[Event "HCL-E1564"]
[Site "www.playchess.de"]
[Date "2006.02.07"]
[Round "3"]
[White "alldrix"]
[Black "ippuli"]
[WhiteElo "1624"]
[BlackElo "1579"]
[PlyCount "77"]
[Result "1-0"]

1.e4 {hello again!}  e5 {Hi again... good luck!}  
2.Nc3 {hi! for you too}  Nf6 3.Bc4 Bc5 4.Nf3 d6 
5.O-O O-O 6.d3 Nc6 7.Be3 Bxe3 8.fxe3 Bg4 9.a3 a6 
10.Qe1 b5 11.Ba2 b4 12.Nd5 bxa3 13.bxa3 Rb8 14.Nd2 
Nxd5 15.Bxd5 Ne7 16.Bc4 d5 17.exd5 Nxd5 18.e4 Nf4 
19.h3 Bxh3 {Let's try this!!}  20.Rxf4 exf4 
{Nice!}  21.gxh3 {:)}  Qg5+ 22.Kh2 Rb6 23.Nf3 Qh5 
24.Qf2 Rh6 25.h4 g5 26.Nxg5 Kh8 27.Nf3 Rg8 28.Rg1 
Rxg1 29.Kxg1 Rg6+ 30.Kh2 Rg3 31.Qd4+ Kg8 32.Qd8+ 
Kg7 33.Nd4 Rg2+ {(offering draw)}  34.Kxg2 Qg4+ 
35.Kf2 Qg3+ 36.Ke2 Qe3+ 37.Kd1 Qg1+ 38.Kd2 Qe3+ 
39.Kc3 1-0

[Event "HCL-B3868"]
[Site "www.playchess.de"]
[Date "2006.02.07"]
[Round "8"]
[White "Snillie"]
[Black "nico21"]
[WhiteElo "1504"]
[BlackElo "1510"]
[PlyCount "58"]
[Result "0-1"]

1.c4 Nf6 2.g3 c5 3.Bg2 g6 4.Nc3 Bg7 5.a3 O-O 6.Nf3 
Nc6 7.d3 d6 8.Rb1 Re8 9.b4 Nd7 10.Bd2 cxb4 11.axb4 
a6 12.O-O Nde5 13.Qc1 Nxf3+ 14.Bxf3 Bh3 15.Re1 Qc7 
16.Bh6 Nd4 17.Bh1 Bg4 18.Bxg7 Kxg7 19.Qe3 Nc2 
20.Qf4 Nxe1 21.Qxg4 Nc2 22.Rb2 Ne1 23.Kf1 Nxd3 
24.exd3 e6 25.Qf3 d5 26.Qg4 dxc4 27.dxc4 Rac8 
28.c5 b6 29.Ne4 f5 0-1

[Event "HCL-T247"]
[Site "www.playchess.de"]
[Date "2006.02.07"]
[Round "10"]
[White "Pillsbury"]
[Black "Cramneck"]
[WhiteElo "2428"]
[BlackElo "1927"]
[PlyCount "49"]
[Result "1-0"]

1.d4 f5 2.c4 Nf6 3.Nf3 e6 {Hi from England}  4.g3 
{hi from germany wiesbaden}  d5 5.Bg2 c6 6.O-O Bd6 
7.b3 Qe7 8.Ne5 O-O 9.Nd3 Nbd7 10.Qc2 Ne4 11.Nd2 b6 
12.f3 Nxd2 {Merry Christmas}  13.Bxd2 {Merry 
christmas to you too !}  Bb7 14.e4 e5 15.exf5 exd4 
16.Rae1 Qf7 17.Re6 Ba3 18.Rfe1 Qxf5 19.g4 Qf7 
20.cxd5 c5 21.Qc4 Rfe8 {Looks like the end.}  
22.f4 a5 23.R6xe8+ Rxe8 24.Rxe8+ Qxe8 
25.d6+ 1-0

[Event "HCL-B3708"]
[Site "www.playchess.de"]
[Date "2006.02.07"]
[Round "7"]
[White "Regicide"]
[Black "dassio"]
[WhiteElo "949"]
[BlackElo "1499"]
[PlyCount "84"]
[Result "0-1"]

1.e4 {Boun giorno!}  e6 2.e5 d5 3.d4 c5 4.Be3 Qb6 
5.b3 Nc6 6.c3 cxd4 7.Bxd4 Nxd4 8.cxd4 Bb4+ 9.Nd2 
Qxd4 10.Ngf3 Bxd2+ 11.Nxd2 Qxe5+ 12.Be2 Nf6 13.Nf3 
Qc3+ 14.Nd2 Ne4 15.Rc1 Qxd2+ 16.Qxd2 Nxd2 17.Kxd2 
O-O 18.a4 Bd7 19.Rc7 Bc6 20.a5 d4 21.a6 Rac8 
22.Rxc8 Rxc8 23.Rc1 Rd8 24.Bd3 Bxg2 25.f4 bxa6 
26.Bxa6 h6 27.h4 Rb8 28.Bc4 Kf8 29.Rc2 Bf3 30.Ra2 
Ra8 31.Kd3 a5 32.Bb5 Bd5 33.Ra3 g5 34.fxg5 hxg5 
35.h5 e5 36.h6 g4 37.h7 Kg7 38.b4 Rb8 39.Rxa5 g3 
40.Bd7 g2 41.Rxd5 g1Q 42.Rxe5 Qg3+ 0-1

[Event "HCL-M864"]
[Site "www.playchess.de"]
[Date "2006.02.07"]
[Round "18"]
[White "steinzell"]
[Black "boniek"]
[WhiteElo "1794"]
[BlackElo "1810"]
[PlyCount "59"]
[Result "1-0"]

1.Nf3 {hello, good luck}  c5 {hello good luck as 
well}  2.c4 Nf6 3.Nc3 Nc6 4.d4 cxd4 5.Nxd4 d6 6.e4 
e5 7.Nc2 Be7 8.Be2 O-O 9.O-O Re8 10.Be3 Be6 11.b4 
Rc8 12.f3 Bf8 13.Nd5 b6 14.Rc1 Ne7 15.Bg5 Nexd5 
16.cxd5 Bd7 17.b5 Rc5 18.a4 Qc7 19.Be3 Rc3 20.Bd2 
Rc5 21.Bb4 Rc8 22.Bxc5 Qxc5+ 23.Kh1 Qc7 24.Nb4 Qd8 
25.Nc6 Bxc6 26.dxc6 d5 27.exd5 Nxd5 28.Bc4 Ne3 
29.Qxd8 Rxd8 30.Rfe1 1-0

[Event "HCL-B3754"]
[Site "www.playchess.de"]
[Date "2006.02.07"]
[Round "8"]
[White "blue"]
[Black "googleforu"]
[WhiteElo "989"]
[BlackElo "1202"]
[PlyCount "103"]
[Result "1-0"]

1.e4 e5 2.Nf3 Nc6 3.d4 exd4 4.Nxd4 Nxd4 5.Qxd4 d6 
6.Nc3 Nf6 7.f3 a6 8.Bg5 Be7 9.Bd3 h6 10.Bh4 Be6 
11.O-O-O c6 12.e5 Nd5 13.Bxe7 Kxe7 14.Nxd5+ Bxd5 
15.b3 Qd7 16.Rde1 Kd8 17.exd6 Qxd6 18.Qxg7 Qf4+ 
19.Kb1 Kd7 20.Qg3 Qxg3 21.hxg3 Rae8 22.Rxe8 Rxe8 
23.Rxh6 b5 24.Bf5+ Kc7 25.Kb2 a5 26.Rh4 b4 27.Be4 
Bxe4 28.fxe4 Re6 29.Rf4 f6 30.a3 Kd6 31.axb4 axb4 
32.c3 bxc3+ 33.Kxc3 c5 34.Kc4 Kc6 35.b4 cxb4 
36.Kxb4 Kb6 37.Kc4 Rd6 38.Rf5 Rc6+ 39.Kd3 Re6 
40.Ke3 Kc6 41.g4 Kd7 42.g5 fxg5 {(offering draw)}  
43.Rxg5 Kd6 44.g3 Ke7 {(offering draw)}  45.e5 Kd7 
46.Ke4 Rc6 47.Rg7+ Ke6 48.Rg6+ Kd7 49.Rxc6 Kxc6 
50.Kf5 Kd7 51.Kf6 Ke8 52.e6 1-0

[Event "HCL-B3743"]
[Site "www.playchess.de"]
[Date "2006.02.07"]
[Round "20"]
[White "Jule"]
[Black "Cosmonauta"]
[WhiteElo "1366"]
[BlackElo "1124"]
[PlyCount "97"]
[Result "1-0"]

1.e4 {Hi, good luck}  e5 2.Nf3 Nc6 {Danke sehr, 
glichfalls!!!}  3.Bb5 a6 4.Bxc6 bxc6 5.d3 Bd6 
6.O-O Nf6 7.Bg5 O-O 8.d4 exd4 9.Nxd4 Be7 10.Nf5 
Bc5 11.Qg4 d6 12.Qg3 h6 13.Bxh6 Nh5 14.Qg4 Bxf5 
15.exf5 Kh7 16.Qxh5 gxh6 17.Nd2 Qg5 18.Qxg5 hxg5 
19.Ne4 Bd4 20.c3 Ba7 21.Nxg5+ Kh6 22.h4 f6 23.Nf3 
Kh5 24.g3 Rfg8 25.Kh2 Kg4 26.Kg2 Kxf5 27.Rfe1 Rgh8 
28.Re2 Rae8 29.Rae1 Reb8 30.b3 Bb6 31.Kh3 Ba5 
32.Nd4+ {I wish happy Christmas. All your wishes 
´ld like to arrive you and your family.}  Kg6 
{Thank you very much, the same to you and your 
family, alles Gute!!!}  33.Nxc6 Rb5 34.b4 Bb6 
35.g4 f5 36.Ne7+ Kf6 37.R2e6+ Kf7 38.Nxf5 Rxf5 
39.gxf5 Bxf2 40.R1e2 Rxh4+ 41.Kg2 Bb6 42.Kg3 Rh5 
43.Kg4 Rh1 44.Rg2 a5 45.b5 Bc5 46.Kf3 Rh8 47.Ke4 
Rh4+ 48.Kd5 Rh8 49.a4 1-0

[Event "HCL-B3851"]
[Site "www.playchess.de"]
[Date "2006.02.07"]
[Round "1"]
[White "aquiles"]
[Black "Absoluter_Beginner"]
[WhiteElo "1479"]
[BlackElo "1500"]
[PlyCount "84"]
[Result "0-1"]

1.d4 d5 2.Bf4 Nf6 3.Nc3 Bf5 4.e3 e6 5.a3 c5 6.Nb5 
Na6 7.Nf3 c4 8.Nc3 Bd6 9.Bxd6 Qxd6 10.b4 O-O 
11.Be2 Nc7 12.Nh4 Bg6 13.O-O b5 14.Nxg6 fxg6 15.f3 
a5 16.e4 Qb6 17.e5 Nd7 18.f4 axb4 19.axb4 Rxa1 
20.Qxa1 Qxd4+ 21.Kh1 Rxf4 22.Rxf4 Qxf4 23.Bf3 Qxe5 
24.h3 d4 25.Ne4 Nf6 26.Nc5 Ncd5 27.Qa8+ Kf7 
28.Qb7+ Ne7 29.Qxb5 c3 30.Qc4 Nfd5 31.Qf1 Nf5 
32.Bg4 Nxb4 33.Nd7 Qd6 34.Qb5 Nxc2 35.Qb7 Qe7 
36.Bxf5 gxf5 37.Ne5+ Kf6 38.Qxe7+ Kxe7 39.Nd3 Kd6 
40.Kh2 e5 41.Kg3 e4 42.Nf4 g5 0-1

[Event "HCL-B3708"]
[Site "www.playchess.de"]
[Date "2006.02.07"]
[Round "9"]
[White "Regicide"]
[Black "blue"]
[WhiteElo "949"]
[BlackElo "1200"]
[PlyCount "84"]
[Result "0-1"]

1.e4 {Hello, Mark, and welcome}  e5 {hi,  thanks}  
2.Qh5 d6 3.Bb5+ c6 4.Be2 Nf6 5.Qf3 Bg4 6.Qg3 Bxe2 
7.Nxe2 Nxe4 8.Qf3 Nf6 9.Nbc3 Nbd7 10.d3 d5 11.d4 
e4 12.Qf4 h6 13.Qd2 Bb4 14.O-O O-O 15.a3 Bxc3 
16.Qxc3 Qc7 17.Bf4 Qc8 18.Bd6 Re8 19.Ng3 Nb6 20.b3 
Qd7 21.Be5 Ng4 22.Bf4 Kh8 23.h3 g5 24.Be5+ Nxe5 
25.dxe5 Re6 26.Nf5 Kh7 27.a4 Rae8 28.f4 gxf4 
29.Rxf4 R6xe5 30.g4 e3 31.Re1 f6 32.a5 Nc8 33.Nxe3 
R8e6 34.g5 hxg5 35.Rg4 b6 36.h4 c5 37.h5 d4 
38.Qd3+ Kh8 39.c4 R5xe3 40.Rxe3 Rxe3 41.Qd1 Qe6 
42.h6 Re1+ 0-1

[Event "HCL-A2554"]
[Site "www.playchess.de"]
[Date "2006.02.07"]
[Round "19"]
[White "freno"]
[Black "mrchess"]
[WhiteElo "1577"]
[BlackElo "1437"]
[PlyCount "105"]
[Result "1-0"]

1.e4 {Hello from Paris, happy new year}  c5 
{thanks you too}  2.Nc3 Nc6 3.f4 d6 4.Nf3 Nf6 
5.Bb5 Bg4 6.Bxc6+ bxc6 7.h3 Bd7 8.d3 g6 9.b3 Bg7 
10.Bb2 Nh5 11.Qd2 O-O 12.O-O Qb6 13.Kh2 e6 14.Na4 
Qb4 15.Qxb4 cxb4 16.Bxg7 Kxg7 17.g3 c5 18.Nb2 f6 
19.Nc4 d5 20.exd5 exd5 21.Ncd2 Bc6 22.d4 cxd4 
23.Nxd4 Bd7 24.g4 Rfe8 25.Rae1 Rxe1 26.Rxe1 Kf7 
27.gxh5 gxh5 28.N2f3 Rc8 29.f5 Rc3 30.Kg2 a5 
31.Kg3 a4 32.Kf4 h6 33.h4 axb3 34.axb3 Bc8 35.Rg1 
Ba6 36.Rg6 Bf1 37.Rxh6 Bg2 38.Rxh5 Bxf3 39.Nxf3 
Rxc2 40.Rh7+ Ke8 41.Rb7 Rf2 42.Rxb4 Kd7 43.Rb6 Ke7 
44.b4 d4 45.b5 d3 46.Ke3 Rf1 47.Rc6 d2 48.Nxd2 
Rxf5 49.b6 Rb5 50.Ne4 Rh5 51.b7 Rb5 52.Nc5 Rb1 
53.Rc8 1-0

[Event "HCL-E1526"]
[Site "www.playchess.de"]
[Date "2006.02.07"]
[Round "8"]
[White "PLAYCHESS1963"]
[Black "HOTSUN"]
[WhiteElo "1725"]
[BlackElo "1626"]
[PlyCount "61"]
[Result "1/2-1/2"]

1.e4 e5 2.Nf3 Nc6 3.Bc4 d6 4.d4 Bg4 5.Be3 exd4 
6.Bxd4 Nxd4 7.Qxd4 Bxf3 8.gxf3 Qf6 9.Qxf6 Nxf6 
10.Nc3 c6 11.Rg1 a6 12.a4 g6 13.O-O-O Be7 14.Rge1 
O-O 15.e5 Ne8 16.exd6 Bxd6 17.Rxe8 Bf4+ 18.Kb1 
Rfxe8 19.Rd7 Kh8 20.Rxf7 Bxh2 21.Ne4 Ref8 22.Rxb7 
Rab8 23.Ra7 Be5 24.Ng5 Rxb2+ 25.Kc1 Bf4+ 26.Kxb2 
Bxg5 27.Rxa6 Rxf3 28.Rxc6 Bf6+ 29.Kb1 Bd4 30.a5 
Ra3 31.c3 {(offering draw)}  1/2-1/2

[Event "HCL-E1550"]
[Site "www.playchess.de"]
[Date "2006.02.07"]
[Round "3"]
[White "baggur"]
[Black "asskicker"]
[WhiteElo "1631"]
[BlackElo "1633"]
[PlyCount "39"]
[Result "1-0"]

1.e4 {Greetings from Reykjavik, Iceland}  c5 
{Cool; I always wanted to visit reykjavik.  
Greetings from Washington, DC.}  2.Nf3 Nc6 3.d4 
cxd4 4.Nxd4 Qb6 5.Nxc6 bxc6 6.Be2 e6 7.O-O d5 
8.exd5 cxd5 9.Nc3 Bd7 10.b3 Bb4 11.Bb2 Ne7 12.Bd3 
Rc8 13.Ne2 O-O 14.Ng3 Bb5 15.Bxg7 Kxg7 {wow! I 
have to say I was not ready for that.}  16.Qg4+ 
{Yes nice move, but I think I only win a pawn, so 
there is a lot of fight left here..}  Ng6 {well 
lets not forget you also destroyed my king side 
defense.}  17.Qxb4 a6 18.a4 {hmm, I don´t think a6 
was your best choice}  a5 {Well, I still have not 
recovered from your master piece destruction of my 
kingside......}  19.Qxb5 Qxb5 20.axb5 1-0

[Event "HCL-A2527"]
[Site "www.playchess.de"]
[Date "2006.02.07"]
[Round "34"]
[White "asskicker"]
[Black "seisan"]
[WhiteElo "1643"]
[BlackElo "1491"]
[PlyCount "56"]
[Result "0-1"]

1.c4 e6 2.Nc3 c5 3.g3 d5 4.cxd5 exd5 5.d4 Nc6 
6.Nf3 Nf6 7.Bg5 Be7 8.Bg2 c4 9.b3 O-O 10.bxc4 dxc4 
11.O-O Bf5 12.Re1 Nb4 13.Nh4 Bc2 14.Qd2 Bg6 
15.Nxg6 hxg6 16.Bxb7 Rb8 17.Ba6 Nxa6 18.Red1 
{ouch.}  Bb4 19.a3 Ba5 20.Qc2 Qb6 21.Rab1 Qe6 
22.d5 Qe5 23.Bf4 Qxc3 24.Qxc3 Bxc3 25.Bxb8 Rxb8 
26.Rbc1 Rb3 27.d6 Nd7 28.a4 Nac5 0-1

[Event "HCL-E1541"]
[Site "www.playchess.de"]
[Date "2006.02.07"]
[Round "2"]
[White "vvv_v"]
[Black "player_reh"]
[WhiteElo "1840"]
[BlackElo "1442"]
[PlyCount "63"]
[Result "1-0"]

1.e4 Nc6 2.Nf3 e5 3.Bc4 Nf6 4.Ng5 d5 5.exd5 Nxd5 
6.Nxf7 Kxf7 7.Qf3+ Qf6 8.Bxd5+ Ke7 9.Bxc6 bxc6 
10.Qe2 Be6 11.O-O Kd7 12.Nc3 Bd5 13.Nxd5 cxd5 
14.d3 d4 15.f4 Bd6 16.Qg4+ Kc6 17.fxe5 Qxe5 18.Bf4 
Qd5 19.Bxd6 cxd6 20.Rf5 Qg8 21.Qxd4 g6 22.Ra5 a6 
23.Ra3 Qe6 24.Rc3+ Kd7 25.Qa4+ Kd8 26.Qa5+ Ke8 
27.Rc7 Qe3+ 28.Kh1 Qf4 29.Re1+ Kf8 30.Qc3 Rg8 
31.Kg1 Qg4 32.Qf6+ 1-0

[Event "HCL-C4027"]
[Site "www.playchess.de"]
[Date "2006.02.07"]
[Round "3"]
[White "Innessa"]
[Black "Grunert"]
[WhiteElo "843"]
[BlackElo "909"]
[PlyCount "104"]
[Result "0-1"]

1.e4 {Gruesse !  Viel  Erfolg !}  e5 2.Bc4 d6 
{auch viele Grüße!!!}  3.d3 {OK !}  a6 4.a4 Nf6 
5.Bg5 Be7 6.Bxf6 Bxf6 7.Nf3 h6 8.d4 exd4 9.Nxd4 
O-O 10.O-O Bd7 11.Nf3 Nc6 12.Nbd2 Bxb2 13.Rb1 Bc3 
14.Rxb7 Bxd2 15.Qxd2 a5 16.Rbb1 {Happy New Year !} 
 Re8 {happy new year!}  17.Qd5 Nb4 18.Qxf7+ Kh8 
19.Qg6 Nxc2 20.Bd3 Re6 21.Qf5 Rf6 22.Qd5 Be6 
23.Qc6 Nb4 24.Qb5 Nxd3 25.Qxd3 Qg8 26.e5 Rff8 
27.exd6 Bc4 28.Qg6 Bxf1 29.Rxf1 {Gruesse, Jens !}  
cxd6 {ja, Dir auch!!!}  30.Qxd6 {Ein gutes Spiel ! 
Sie koennen gewinnen !}  Qa2 {Ich glaube, Sie 
stehen besser!}  31.h4 {Wir haben den Frost - 30 . 
Wie geht es in Germany ?}  Qxa4 {naja, so plus 4 
Grad. Gruss!!!}  32.Ne5 {Das ist gut !  : )}  Rf6 
33.Qd5 Qe8 34.Ng4 Rf8 35.Qd4 Qf7 36.Nxh6 {: )}  
Qg6 37.Ng4 Rfd8 38.Qf4 Rde8 39.f3 a4 40.Ne5 Qf6 
41.Nf7+ {: )  Es ist sehr lustig, mit Ihnen 
spielen !  Ich spiele gerade so hier, in Russia !} 
 Kg8 {ja, macht mir auch Spass!}  42.Nh6+ Qxh6 
43.Qxh6 gxh6 44.g4 a3 45.f4 a2 46.f5 a1Q 47.Rxa1 
Rxa1+ 48.Kf2 Rb8 49.Kf3 Rb4 50.g5 Ra3+ 51.Kg2 Rb2+ 
52.Kf1 Ra1+ 0-1

[Event "HCL-A2560"]
[Site "www.playchess.de"]
[Date "2006.02.07"]
[Round "3"]
[White "longbow37"]
[Black "scaper"]
[WhiteElo "1097"]
[BlackElo "1437"]
[PlyCount "110"]
[Result "0-1"]

1.Nf3 d5 2.d4 Nf6 3.e3 Bf5 4.Bb5+ c6 5.Bd3 Bxd3 
6.cxd3 e6 7.O-O Bd6 8.Nc3 Nbd7 9.e4 Ng4 10.h3 Ngf6 
11.Re1 Be7 12.exd5 cxd5 13.Bf4 Nh5 14.Be5 Kf8 
15.Qb3 Qb6 16.Qxb6 Nxb6 17.g4 Nf6 18.Nb5 g6 
19.Bxf6 Bxf6 20.Nc7 Rc8 21.Rac1 Bd8 22.Nb5 Ke7 
23.Rxc8 Nxc8 24.Nc3 Nb6 25.Ne5 Bc7 26.Rc1 f6 
27.Nb5 Bb8 28.b3 fxe5 {??? a trap ???}  29.Re1 a6 
30.Na3 {why are you trap? your funny boy}  Rf8 
31.dxe5 Rf3 32.d4 Rxh3 33.Kg2 Rd3 34.Nc2 Ba7 35.f3 
Rd2+ 36.Kg3 Rxc2 37.Rh1 Nd7 38.Rxh7+ Kd8 39.Kf4 
Bxd4 40.Kg5 Be3+ 41.f4 Rf2 42.Rh8+ Kc7 43.Kxg6 
Bxf4 44.Rh7 Bxe5 45.a4 Kd6 46.Rh1 Nf8+ 47.Kg5 Bf4+ 
48.Kh5 Rh2+ 49.Rxh2 Bxh2 50.b4 d4 51.g5 d3 52.g6 
Nxg6 53.Kxg6 d2 54.b5 axb5 55.axb5 
Kc5 0-1

[Event "HCL-A2556"]
[Site "www.playchess.de"]
[Date "2006.02.07"]
[Round "4"]
[White "archship"]
[Black "Kinslayer"]
[WhiteElo "1208"]
[BlackElo "1714"]
[PlyCount "98"]
[Result "0-1"]

1.e4 c5 2.Nf3 Nc6 3.Bc4 e6 4.O-O Be7 5.Nc3 d6 
6.Bb5 Bd7 7.Bxc6 Bxc6 8.d3 Nf6 9.Be3 Nd7 10.Ne2 
O-O 11.Ng3 b5 12.Qd2 a5 13.Bg5 Bxg5 14.Nxg5 h6 
15.Nf3 Qf6 16.c3 b4 17.Nh5 Qg6 18.Nf4 Qf6 19.Nh5 
Qe7 20.a3 Rab8 21.axb4 axb4 22.Ra7 bxc3 23.Qxc3 e5 
24.Rb1 Rb7 25.Rxb7 Bxb7 26.Ra1 Ra8 27.Rxa8+ Bxa8 
28.b4 cxb4 29.Qxb4 Kh7 30.h3 Nc5 31.Qc4 Bb7 32.Ng3 
Ba6 33.Qd5 g6 34.d4 exd4 35.Nxd4 Bb7 36.Nc6 Qc7 
37.f3 Bxc6 38.Qd4 Qe7 39.Kf2 Qe5 40.Qc4 Qe6 
41.Qxe6 fxe6 42.Ne2 Nxe4+ 43.fxe4 Bxe4 44.Nf4 e5 
45.Ne6 Bf5 46.Nf8+ Kg7 47.g4 Bc8 48.Nxg6 Kxg6 
49.Ke3 d5 0-1

[Event "HCL-C4109"]
[Site "www.playchess.de"]
[Date "2006.02.07"]
[Round "1"]
[White "kolmar"]
[Black "DaLyrik"]
[WhiteElo "985"]
[BlackElo "760"]
[PlyCount "91"]
[Result "1-0"]

1.e4 {hi, good luck in game!}  e5 2.Nf3 Nc6 3.Bc4 
Nf6 4.d3 a6 5.Ng5 d5 6.exd5 Nxd5 7.Qf3 Be6 8.Nxe6 
fxe6 9.O-O b5 10.Bb3 Qf6 11.Bxd5 exd5 12.Qxd5 Rd8 
13.Qe4 Rd4 14.Bg5 Qxf2+ 15.Rxf2 Rxe4 16.dxe4 Bc5 
17.Nc3 Bxf2+ 18.Kxf2 O-O+ 19.Ke3 Nd4 20.Kd3 c5 
21.Be7 Rc8 22.Rf1 c4+ 23.Kd2 Re8 24.Nd5 Nc6 25.Bc5 
h6 26.Nc7 Rd8+ 27.Kc1 Nd4 28.Bxd4 exd4 29.Ne6 Re8 
30.Nc5 d3 31.cxd3 cxd3 32.Nxd3 Rxe4 33.b3 Re2 
34.Kb1 Rxg2 35.Rf2 Rxf2 36.Nxf2 g5 37.Kc2 Kf7 
38.b4 Kf6 39.Ng4+ Kg6 40.Kd3 Kh5 41.h3 Kh4 42.Nxh6 
Kxh3 43.Kd4 g4 44.Nxg4 Kxg4 45.Kc5 Kf4 
46.Kb6 1-0

[Event "HCL-E1539"]
[Site "www.playchess.de"]
[Date "2006.02.07"]
[Round "30"]
[White "Vinci"]
[Black "HOTSUN"]
[WhiteElo "1583"]
[BlackElo "1626"]
[PlyCount "83"]
[Result "1-0"]

1.e4 {hi again and enjoy our game}  e5 {thanks,we 
have been playing each other 4more than 4 years}  
2.Nf3 {yes, 3 times we played, now it s the first 
time that i am white!}  Nc6 3.d4 exd4 4.Nxd4 Nxd4 
5.Qxd4 d6 6.Nc3 Qf6 7.Qa4+ c6 8.Nd5 Qd8 9.Ne3 Bd7 
10.Bd2 Be7 11.Bc3 Bf6 12.Bxf6 Nxf6 13.O-O-O Qc7 
14.Qd4 Be6 15.Qxd6 Qxd6 16.Rxd6 {oh i forgot my 
plan! i did not want to take the pawn, cause i 
lose two... i suppose}  Nxe4 {yes now is a good 
time to resign :)}  17.Rd4 {hi hi, i am lost, but 
fight as a bear would ;-)}  Nxf2 {i cant bear it}  
18.Rg1 O-O 19.Be2 Rfd8 20.Rf4 {hm...}  Bxa2 {of 
course you cant take it.it's the old knight on f2 
trap.}  21.Rxf2 {;-)}  Be6 22.Rd1 g6 {yes you fell 
for the old kn on f2 trap which makes you over 
confident and then you make mistakes,there's also 
the queen on f2 trap which makes you even more 
over confident.}  23.Bc4 {it s ground zero where 
is the trap, hotsun}  Bxc4 {the trap is in 
believing there's a trap.}  24.Rxd8+ {very true! 
it all happens in our head and brain!}  Rxd8 {your 
feeling sleepy,very sleepy you cant see nxb you 
cant see nxb.}  25.Nxc4 Kg7 {oh}  26.c3 f5 27.Re2 
Kf6 28.Kc2 g5 29.b4 b6 30.Re3 f4 31.Rd3 Re8 32.Kd2 
h5 33.Rd7 g4 34.Rxa7 f3 35.gxf3 gxf3 36.Ne3 f2 
37.Ra1 Re4 38.Rf1 c5 39.Rxf2+ Ke6 40.bxc5 bxc5 
41.Ng2 Ra4 42.Nf4+ 1-0

[Event "HCL-C4082"]
[Site "www.playchess.de"]
[Date "2006.02.07"]
[Round "13"]
[White "Little_Liberty"]
[Black "Grunert"]
[WhiteElo "1391"]
[BlackElo "998"]
[PlyCount "94"]
[Result "0-1"]

1.c4 d5 2.cxd5 Qxd5 3.Nc3 Qd8 4.d4 Nc6 5.Nf3 Nf6 
6.e4 g6 7.Bb5 Bd7 8.O-O Bg7 9.Be3 a6 10.Ba4 O-O 
11.Qd2 Bg4 12.Ne1 b5 13.Bb3 e6 14.Bh6 Bxh6 15.Qxh6 
Nxd4 16.Bd1 Bxd1 17.Rxd1 e5 18.Nc2 Qe7 19.Nxd4 
exd4 20.Nd5 Nxd5 21.exd5 Qe4 22.Qd2 Qxd5 23.b3 c5 
24.Rfe1 Rae8 25.h3 Rxe1+ 26.Rxe1 Qd7 27.Qg5 Qd6 
28.a3 Kg7 29.Re5 Qf6 30.Rxc5 Qxg5 31.Rxg5 Rd8 
32.Re5 d3 33.Re1 d2 34.Rd1 Rd3 35.a4 Rxb3 36.axb5 
Rxb5 37.Rxd2 a5 38.Ra2 Kf6 39.f4 Kf5 40.g3 Ke4 
41.Kf2 Kd3 42.Re2 a4 43.Re7 Ra5 44.Rxf7 a3 45.Re7 
a2 46.Rd7+ Kc3 47.Rc7+ Kb2 0-1

[Event "HCL-B3856"]
[Site "www.playchess.de"]
[Date "2006.02.07"]
[Round "15"]
[White "evets"]
[Black "Snillie"]
[WhiteElo "1392"]
[BlackElo "1488"]
[PlyCount "100"]
[Result "0-1"]

1.d4 Nf6 2.Nf3 e6 3.Nbd2 b6 4.e3 Bb7 5.Bd3 d5 
6.O-O Nbd7 7.Re1 Bd6 8.e4 dxe4 9.Nxe4 Nxe4 10.Bxe4 
Bxe4 11.Rxe4 Nf6 12.Re1 O-O 13.Bg5 Rc8 14.c4 c5 
15.dxc5 Rxc5 16.b3 Be7 17.Be3 Rc8 18.Qc2 Qc7 
19.Nd4 Rfd8 20.Nb5 Qb8 21.Bg5 a6 22.Nc3 Rd7 
23.Rad1 Rcd8 24.Rxd7 Rxd7 25.Rd1 Qd8 26.Rxd7 Qxd7 
27.Qd1 Kf8 28.Qxd7 Nxd7 29.Bxe7+ Kxe7 30.Kf1 Kd6 
31.f4 Kc5 32.Ke2 Kd4 33.Kd2 Nc5 34.Ne2+ Ke4 35.g3 
f6 36.Nc3+ Kf3 37.Ne2 Kg2 38.h4 Ne4+ 39.Ke3 Nd6 
40.Kd4 Kf2 41.Kd3 {(offering draw)}  h5 42.b4 Nxc4 
43.Nd4 Nd6 44.Nxe6 Kxg3 45.Nxg7 Kxh4 46.Kd4 Kg4 
47.Kd5 h4 48.Kxd6 h3 49.Ke6 h2 50.Kxf6 
Kxf4 0-1

[Event "ACL-A645"]
[Site "www.playchess.de"]
[Date "2006.02.07"]
[Round "9"]
[White "Edik"]
[Black "pavalinto"]
[WhiteElo "1638"]
[BlackElo "1711"]
[PlyCount "89"]
[Result "1/2-1/2"]

1.d4 {Hi! Good Luck!}  c6 {good luck! let's have a 
great game}  2.e4 d5 3.Nc3 dxe4 4.Nxe4 Bf5 5.Ng3 
Bg6 6.h4 h6 7.h5 Bh7 8.Nf3 Nd7 9.Bd3 Bxd3 10.Qxd3 
e6 11.Bf4 Qa5+ 12.Bd2 Bb4 13.Ne4 Ngf6 14.Nd6+ Ke7 
15.Nxb7 Qb6 16.c3 Bxc3 17.Qxc3 Qxb7 18.O-O Rhc8 
19.Ne5 Nxe5 20.dxe5 Nd5 21.Qa3+ Ke8 22.Rac1 c5 
{Happy holidays}  23.Rxc5 {Happy holidays you :)}  
Rxc5 24.Qxc5 Rc8 25.Qd4 Qa6 26.a3 Rc4 27.Qd3 Qc6 
28.b3 Rc2 29.Rd1 Kf8 30.Be3 a6 31.Qh7 Qc7 32.Qh8+ 
Ke7 33.Qxg7 Nxe3 34.fxe3 Rc1 35.Qf6+ Ke8 36.Rxc1 
Qxc1+ 37.Kf2 Qd2+ {(offering draw)}  38.Kf3 Qd1+ 
39.Kg3 Qxh5 40.Qf4 Qg6+ 41.Kf3 Qd3 42.Qa4+ Ke7 
43.Qb4+ Ke8 44.Qb8+ Ke7 45.Qc7+ {(offering draw)} 
 1/2-1/2

[Event "HCL-A2557"]
[Site "www.playchess.de"]
[Date "2006.02.07"]
[Round "1"]
[White "Deep_Trouble"]
[Black "Matu"]
[WhiteElo "1652"]
[BlackElo "1528"]
[PlyCount "81"]
[Result "1-0"]

1.d4 {Willkommen. We meet again. I hope to improve 
on my score. ;-)}  Nf6 {hi again and good luck}  
2.Nf3 {Good luck to you too.}  e6 3.Bg5 Be7 4.Nbd2 
O-O 5.e3 d5 6.Bd3 Nbd7 7.c3 b6 8.Qa4 Bb7 9.Ne5 
Nxe5 10.dxe5 Nd7 11.Bxe7 Qxe7 12.Nf3 Nc5 13.Qc2 
Nxd3+ 14.Qxd3 c5 15.O-O Rfd8 16.Rfd1 Rd7 17.Qe2 
Rad8 18.Kf1 d4 19.exd4 Bxf3 20.Qxf3 cxd4 21.cxd4 
R7xd4 22.Rxd4 Rxd4 23.Rc1 h6 24.Rc8+ Rd8 25.Qc6 
Rxc8 26.Qxc8+ Kh7 27.Qc2+ g6 28.f4 Kg7 29.a3 Qh4 
30.g3 Qd8 31.Ke2 Qd5 32.Qd2 Qg2+ 33.Ke3 Qxd2+ 
34.Kxd2 g5 35.fxg5 hxg5 36.Ke3 f5 37.exf6+ Kxf6 
38.Ke4 a6 39.h4 gxh4 40.gxh4 a5 
41.a4 1-0

[Event "HCL-A2458"]
[Site "www.playchess.de"]
[Date "2006.02.07"]
[Round "27"]
[White "Baldrick"]
[Black "tiit145"]
[WhiteElo "1684"]
[BlackElo "1547"]
[PlyCount "87"]
[Result "1-0"]

1.f4 Nh6 {Hello!}  2.Nf3 {Hello again!! Godd 
luck.}  g6 3.g3 Nc6 4.Bg2 Bg7 5.e4 O-O 6.d4 d5 
7.exd5 Nb4 8.a3 Nxd5 9.c4 Nf6 10.Nc3 Bf5 11.Be3 
Nfg4 12.Bg1 c6 13.h3 Ne3 14.Bxe3 Qa5 15.O-O Rad8 
16.g4 Be6 17.Qe2 c5 18.Rad1 Rfe8 {Happy 
Chritmas.Tiit}  19.f5 {Happy Christmas!}  gxf5 
20.g5 Ng4 21.hxg4 fxg4 {Hello!Happy New Year! 
Tiit}  22.Ne5 {Happy New Year!}  cxd4 23.Bxd4 Rxd4 
24.Rxd4 Rc8 25.Re4 Qc5+ 26.Kh1 Rf8 27.Nxf7 Bxf7 
28.Rxf7 Rxf7 29.Nd5 b5 30.Nxe7+ Kh8 31.Nd5 Rf2 
32.Re8+ Bf8 33.Qe5+ Kg8 34.Ne7+ Kf7 35.Qxc5 Rxb2 
36.Rxf8+ Kxf8 37.Qf5+ Kxe7 38.Qe5+ Kd7 39.Qxb2 a6 
40.c5 g3 41.Qf6 a5 42.Qf7+ Kd8 43.c6 b4 44.Qd7+ 
{Thanks for the game!}  1-0

[Event "HCL-E1569"]
[Site "www.playchess.de"]
[Date "2006.02.07"]
[Round "14"]
[White "chess50"]
[Black "BohdanL"]
[WhiteElo "2160"]
[BlackElo "1532"]
[PlyCount "67"]
[Result "1-0"]

1.e4 g6 {pryvit}  2.d4 Bg7 3.Nc3 d6 4.f4 Nf6 5.Nf3 
O-O 6.Bd3 Na6 7.O-O c5 8.d5 Bg4 9.Bc4 Nc7 10.h3 
Bxf3 11.Qxf3 Nd7 12.Bd2 a6 13.a4 Nb6 14.Bd3 Qd7 
15.a5 Nc8 16.Qg4 Qxg4 17.hxg4 b5 18.axb6 Nxb6 
19.Ra5 e6 20.dxe6 Nxe6 21.Rxa6 c4 22.Rxa8 Rxa8 
23.Be2 Rd8 24.g5 Nd4 25.Bd1 Nd7 26.Re1 f6 27.gxf6 
Nxf6 28.g4 Rb8 29.g5 Nh5 30.Na4 Rf8 31.f5 gxf5 
32.exf5 Rxf5 33.Re8+ Kf7 34.Bxh5+ 1-0

[Event "HCL-C4094"]
[Site "www.playchess.de"]
[Date "2006.02.07"]
[Round "9"]
[White "Kaspov"]
[Black "DavidFields"]
[WhiteElo "814"]
[BlackElo "1165"]
[PlyCount "88"]
[Result "0-1"]

1.e4 c5 {Hello from Texas, USA}  2.c4 Nc6 3.Nc3 d6 
4.d3 Nd4 5.Nf3 f5 6.exf5 Bxf5 7.Nxd4 cxd4 8.Nb5 a6 
9.Nxd4 Bd7 10.Qh5+ g6 11.Qd5 e5 12.Ne6 Bc6 13.Nxd8 
Bxd5 14.cxd5 Rxd8 15.g3 Rc8 16.Bg2 Rc2 17.b3 Nf6 
18.O-O Bg7 19.Ba3 Ke7 20.Bh3 Nxd5 21.Bg2 Nc3 
22.Bxb7 Nxa2 23.Bxa6 Ra8 24.Bc4 Rxa3 25.b4 Ra8 
26.b5 Kf6 27.Rfb1 Nc3 28.Rxa8 Nxb1 29.b6 Rb2 
30.Rb8 Nc3 31.b7 Na4 32.Bd5 Nc5 33.Kg2 Ke7 34.Rc8 
Na6 35.Rg8 Bf8 36.Rh8 h5 37.Rh7+ Kd8 38.Kf3 Nc7 
39.Bc6 Ne6 40.Rd7+ Ke8 41.Rxd6+ Ke7 42.Rd7+ Kf6 
43.Be4 Bc5 44.h4 Rxf2+ {good game} 
 0-1